000 00538nam a22001817a 4500
003 CEME
005 20210628201804.0
008 210216b xxu||||| |||| 00| 0 eng d
020 _a0-19-510841-8
040 _c.
082 _a005.133-C HAL
100 _aHalpern, Richard P
_956842
245 _aC for yourself , learning c using experiments
260 _aNEW YORK
_bOXFORD UNIVERSITY PRESS
_c1997
300 _a227P
650 _aC-COMPUTER LANGUAGE COMPUTER PROGRAM LANGUAGE-C C-COMPUTER PROGRAM LANGUAGE
_956843
942 _cBK
_2ddc
999 _c567181
_d567181